000 00566nam a22002297a 4500
003 OSt
005 20140310181738.0
008 130321t xxu||||| |||| 00| 0 eng d
020 _a981018428X
050 _aQ 163
_bM9 2004
082 _aQ 163
_bM9 2004
245 _aMy pals are here! science 6A
_cKoh Siew Luan
260 _aSingapore
_bMarshall Cavendish Education
_c2003
300 _a56 p.
_c26 cm
521 _aGrade 6
541 _j1
541 _j1
541 _j1
541 _j1
562 _e4
942 _2lcc
_cBK-GS
_kGS
999 _c2660
_d2660